| 000 | nam a22 7a 4500 | ||
|---|---|---|---|
| 999 |
_c29286 _d29286 |
||
| 008 | 171124b xxu||||| |||| 00| 0 eng d | ||
| 020 | _a9788120335929 | ||
| 050 | _aS 494.5 .A35 2008 | ||
| 100 | _aAhindra, Nag. | ||
| 245 |
_aTextbook of Agricultural Biotechnology / _cAhindra, Nag. |
||
| 250 | _a1st ed. | ||
| 260 |
_aIndia: _bAsoke, _c2008. |
||
| 300 |
_axvi, 266p. : _bill. _c26cm |
||
| 650 | _aAgriculture | ||
| 942 |
_2lcc _cBOOKS _hS 494.5 .A35 2008 _03 |
||